Semantic Web Technologies : (Record no. 13477)
[ view plain ]
| 000 -LEADER | |
|---|---|
| fixed length control field | 01884cam a22003854a 4500 |
| 001 - CONTROL NUMBER | |
| control field | 14275335 |
| 005 - DATE AND TIME OF LATEST TRANSACTION | |
| control field | 20080212131856.0 |
| 008 - FIXED-LENGTH DATA ELEMENTS--GENERAL INFORMATION | |
| fixed length control field | 060223s2006 enka |rb 001 0 eng |
| 010 ## - LIBRARY OF CONGRESS CONTROL NUMBER | |
| LC control number | 2006006501 |
| 015 ## - NATIONAL BIBLIOGRAPHY NUMBER | |
| National bibliography number | GBA636074 |
| Source | bnb |
| 016 7# - NATIONAL BIBLIOGRAPHIC AGENCY CONTROL NUMBER | |
| Record control number | 013436959 |
| Source | Uk |
| 020 ## - INTERNATIONAL STANDARD BOOK NUMBER | |
| International Standard Book Number | 0470025964 (cloth : alk. paper) |
| 020 ## - INTERNATIONAL STANDARD BOOK NUMBER | |
| International Standard Book Number | 9780470025963 |
| Terms of availability | (cloth : alk. paper) |
| 035 ## - SYSTEM CONTROL NUMBER | |
| System control number | (OCoLC)ocm64591941 |
| 040 ## - CATALOGING SOURCE | |
| Original cataloging agency | DLC |
| Transcribing agency | DLC |
| Modifying agency | BAKER |
| -- | BWKUK |
| -- | IXA |
| -- | UKM |
| -- | OCLCQ |
| -- | DLC |
| 042 ## - AUTHENTICATION CODE | |
| Authentication code | pcc |
| 050 00 - LIBRARY OF CONGRESS CALL NUMBER | |
| Classification number | TK5105.88815 |
| Item number | .D38 2006 |
| 082 00 - DEWEY DECIMAL CLASSIFICATION NUMBER | |
| Classification number | 025.04 |
| Edition number | 22 |
| Item number | DAV |
| 100 1# - MAIN ENTRY--PERSONAL NAME | |
| Personal name | Davies, J. |
| Fuller form of name | (N. John) |
| 9 (RLIN) | 11742 |
| 245 10 - TITLE STATEMENT | |
| Title | Semantic Web Technologies : |
| Remainder of title | Trends and Research in Ontology-based Systems / |
| Statement of responsibility, etc | John Davies, Rudi Studer, Paul Warren. |
| 246 30 - VARYING FORM OF TITLE | |
| Title proper/short title | Trends and research in ontology-based systems |
| 260 ## - PUBLICATION, DISTRIBUTION, ETC. (IMPRINT) | |
| Place of publication, distribution, etc | Chichester, England ; |
| -- | Hoboken, NJ : |
| Name of publisher, distributor, etc | John Wiley & Sons, 2006 |
| Date of publication, distribution, etc | c2006. |
| 300 ## - PHYSICAL DESCRIPTION | |
| Extent | xiii, 312 p. : |
| Other physical details | ill. ; |
| Dimensions | 26 cm. |
| 504 ## - BIBLIOGRAPHY, ETC. NOTE | |
| Bibliography, etc | Includes bibliographical references and index. |
| 650 #0 - SUBJECT ADDED ENTRY--TOPICAL TERM | |
| Topical term or geographic name as entry element | Semantic Web. |
| 9 (RLIN) | 11743 |
| 700 1# - ADDED ENTRY--PERSONAL NAME | |
| Personal name | Studer, Rudi. |
| 9 (RLIN) | 11744 |
| 700 1# - ADDED ENTRY--PERSONAL NAME | |
| Personal name | Warren, Paul |
| Fuller form of name | (Paul W.) |
| 9 (RLIN) | 11745 |
| 856 41 - ELECTRONIC LOCATION AND ACCESS | |
| Materials specified | Table of contents only |
| Uniform Resource Identifier | <a href="http://www.loc.gov/catdir/toc/ecip069/2006006501.html">http://www.loc.gov/catdir/toc/ecip069/2006006501.html</a> |
| 856 42 - ELECTRONIC LOCATION AND ACCESS | |
| Materials specified | Publisher description |
| Uniform Resource Identifier | <a href="http://www.loc.gov/catdir/enhancements/fy0658/2006006501-d.html">http://www.loc.gov/catdir/enhancements/fy0658/2006006501-d.html</a> |
| 856 42 - ELECTRONIC LOCATION AND ACCESS | |
| Materials specified | Contributor biographical information |
| Uniform Resource Identifier | <a href="http://www.loc.gov/catdir/enhancements/fy0741/2006006501-b.html">http://www.loc.gov/catdir/enhancements/fy0741/2006006501-b.html</a> |
| 942 ## - ADDED ENTRY ELEMENTS (KOHA) | |
| Source of classification or shelving scheme | Dewey Decimal Classification |
| Item type | NB - Book (Non borrowing) |
| Withdrawn status | Item status | Source of classification or shelving scheme | Damaged status | Not for loan | Vendor | Home library | Current library | Shelving location | Date acquired | Source of acquisition | Total Checkouts | Full call number | Barcode | Date last seen | Date last borrowed | Koha item type | Total Renewals |
|---|---|---|---|---|---|---|---|---|---|---|---|---|---|---|---|---|---|
| Dewey Decimal Classification | Baccah | Central Library | Central Library | Lower Floor | 23/02/2010 | 1 | 025.04 DAV | 000019961 | 15/07/2025 | 20/01/2014 | NB - Book (Non borrowing) | ||||||
| Dewey Decimal Classification | Baccah | Central Library | Central Library | Lower Floor | 23/02/2010 | 2 | 025.04 DAV | 000019962 | 15/07/2025 | 23/09/2014 | Book - Borrowing | 5 |